The archaeology of Elam : formation and transformation of an ancient Iranian state /
المؤلف الرئيسي:
التنسيق: كتاب
اللغة: English
منشور في:
Cambridge [England] ; New York :
Cambridge University Press,
1999.
سلاسل:
Cambridge world archaeology
الموضوعات:
الوسوم: إضافة وسم
رقم الطلب: DS65 .P68 1999
| LEADER | 01243cam a2200277 i 4500 | ||
|---|---|---|---|
| 003 | OSt | ||
| 005 | 20241017101452.0 | ||
| 008 | 980813s1999 nyuab b 001 0 eng | ||
| 999 | |c 55196 |d 55196 | ||
| 020 | |z 0521563385 | ||
| 020 | |a 0521564964 (pbk.) | ||
| 020 | |a 9780521564960 | ||
| 040 | |c ARCE Library | ||
| 043 | |a a-ir--- | ||
| 050 | 4 | |a DS65 .P68 1999 | |
| 100 | 1 | |a Potts, Daniel T., |e author | |
| 245 | 1 | 4 | |a The archaeology of Elam : |b formation and transformation of an ancient Iranian state / |c D. T. Potts. |
| 264 | 1 | |a Cambridge [England] ; |a New York : |b Cambridge University Press, |c 1999. | |
| 300 | |a xxviii, 490 pages : |b illustrations, maps ; |c 26 cm. | ||
| 490 | 0 | |a Cambridge world archaeology | |
| 504 | |a Includes bibliographical references (pages [445]-480) and index. | ||
| 505 | 0 | |a 1. Elam: what, when, where? 2. Environment, climate and resources 3. The immediate precursors of Elam 4. Elam and Awan 5. The dynasty of Shimski 6. The grand regents of Elam and Susa 7. The kingdom of Susa and Anshan 8. The Neo-Elamite period 9. Elam in the Achaemenid empire 10. Elymais 11. Elam under the Sasanians and beyond 12. Conclusion | |
| 651 | 0 | |a Elam |x Antiquities. | |
| 651 | 0 | |a Elam |x History. | |
| 901 | |a reviewed | ||
| 942 | |2 lcc |c BK | ||
